00784nam a2200205 a 450000100100000000500170001000800410002704000250006808200200009310000410011324500930015426000670024730000210031465000270033565000310036270000410039304900090043495201180044399900170056100001755020240412074247.0100326s1959 dr 001 1 spa d aDO-SdBNPbspacBNPHU aRD862.44bD671e1 aDomínguez, Franklin,d1930-93829913aLa espera :bpieza en tres actos /cFranklin Domínguez ; prólogo Manuel Valldeperes. aCiudad Trujillo, República Dominicana :bArte y Cine,c1959. a125 p. ;c23 cm. 0aTeatro dominicano9637 0aLiteratura dominicana.9671 aValldeperes, Manuel,epról.923258 aBNPD 0010718PDaPDbPDcCTd2010-03-26iLF1l0oRD862.44 D671ep17550-10r2020-06-25w2020-06-25yLFPDZNo se presta c17075d17075